Countries to Capital Letter Length - Statistics

General Stats
  • This quiz has been taken 60 times
  • The average score is 16 of 18
Answer Stats
Country Capital Capital
Length
% Correct
Ukraine Kyiv 4
100%
Japan Tokyo 5
100%
Russia Moscow 6
100%
Canada Ottawa 6
96%
Australia Canberra 8
91%
Italy Rome 4
89%
Egypt Cairo 5
87%
France Paris 5
87%
Cuba Havana 6
87%
Thailand Bangkok 7
87%
United Kingdom London 6
85%
Greece Athens 6
85%
Chile Santiago 8
85%
Taiwan Taipei 6
79%
Turkey Ankara 6
77%
Bangladesh Dhaka 5
75%
Philippines Manila 6
74%
Netherlands Amsterdam 9
74%
No matching quizzes found
Score Distribution
Percent of People with Each Score
Percentile by Number Answered
Your Score History
You have not taken this quiz